Normal view MARC view
  • National parks and reserves

Entry Topical Term

Number of records used in: 1

001 - CONTROL NUMBER

  • control field: 98392

003 - CONTROL NUMBER IDENTIFIER

  • control field: NUST

005 - DATE AND TIME OF LATEST TRANSACTION

  • control field: 20220823170154.0

008 - FIXED-LENGTH DATA ELEMENTS

  • fixed length control field: 220823|| aca||aabn | a|a d

040 ## - CATALOGING SOURCE

  • Original cataloging agency: NUST
  • Transcribing agency: NUST

150 ## - HEADING--TOPICAL TERM

  • Topical term or geographic name entry element: National parks and reserves
  • General subdivision: Public use
  • Geographic subdivision: United States

670 ## - SOURCE DATA FOUND

  • Source citation: Work cat.: (NUST)0: Share, Amber, author. 98391, Subpar parks :
© 2023 Central Library, National University of Sciences and Technology. All Rights Reserved.